LEADER 01075nam a2200253 i 4500 001 000000234556 003 CaOOAMICUS 005 20240311124717.0 008 141016s1744 fr u000 u fre u 013 $a213459 026 $ai.t. o-e- s.es Jul' (3) 1744 (R) 040 $aSeMil$bita 100 1 $aGaultier, Jean-Baptiste,$d<1685-1755>.$0(OLS)http://semarc/name/12232 245 14$aLes jesuites convaincus d'obstination a permettre l'idolātrie dans la Chine. Lettres. 260 $a[S.l. :$bs.n.],$c1744. 300 $a135, [1] ;$c12°. 500 $aLegato in coda a 3A-II-82 FA. 650 4$aGesuiti - Missioni - Cina - Sec. 16.-18.$0(OLS)http://semarc/subject/1688 850 $aSeMil 852 $aSeMil$W1$xVenegono$y1$m3A II 83 FA$j184902$B184902$CSeMilBibl$Z2$F195848 $8I 961 $aLegato in coda a 3A-II-82 FA 996 $6245$aLes jesuites convaincus d'obstination a permettre l'idolātrie dans la Chine. Lettres$9(OLS)http://semarc/title/334726 996 $6260$a[S.l. :$bs.n.]$9(OLS)http://semarc/publisher/29751 LEADER 01120nas a2200265 i 4500 001 000000234561 003 CaOOAMICUS 005 20141016000000.0 008 141016b2013 it uu u0 0ita r 013 $a213464 020 $a978-884281933-2 040 $aSeMil$bita 245 13$aLa potenza del falso /$cinterventi di : Pierangelo Di Vittorio ... [et al.] ; a cura di Damiano Cantone. 260 $aMilano :$bIl Saggiatore,$c2013. 300 $a203 p. :$bill. ;$c23 cm. 500 $aTitolo principale e formulazione di responsabilitą dalla copertina. 700 1 $aCantone, Damiano,$d<1977- >.$0(OLS)http://semarc/name/80393 700 1 $aDi Vittorio, Pierangelo.$0(OLS)http://semarc/name/80392 774 0 $t[vedi periodico].$w()282000 850 $aSeMil 852 $aSeMil$W1$xVenegono$y1$m165 4 46$j184907$B184907$CSeMilBibl$Z2$F195850 $85 961 $aAcquisto: Il Saggiatore 996 $6020$a978-884281933-2$9(OLS)http://semarc/number/238830 996 $6245$aLa potenza del falso$9(OLS)http://semarc/title/334734 996 $6260$aMilano :$bIl Saggiatore$9(OLS)http://semarc/publisher/30255